Relative Finiteness in Module Theory /

Gespeichert in:
Bibliographische Detailangaben
1. Verfasser: Albu, Toma
Weitere Verfasser: Năstăsescu, Constantin
Format: Sách giấy
Sprache:English
Veröffentlicht: New York : Marcel Dekker , 1984
Tags: Tag hinzufügen
Keine Tags, Fügen Sie den ersten Tag hinzu!
Thư viện lưu trữ: Thư viện Trường Đại học Đà Lạt
LEADER 00622nam a2200253 4500
001 DLU020011302
005 ##1/4/2000
041 # # |a eng 
082 # # |a 512.4  |b AL-T 
090 # # |a 512.4  |b AL-T 
100 # # |a Albu, Toma 
245 # # |a Relative Finiteness in Module Theory /  |c Albu Toma, Năstăsescu Constantin 
260 # # |a New York :  |b Marcel Dekker ,  |c 1984 
300 # # |a X, 190 tr.;   |c 23 cm. 
700 # # |a Năstăsescu, Constantin 
992 # # |a 8000 
994 # # |a DLU 
900 # # |a False 
911 # # |a Administrator 
925 # # |a G 
926 # # |a A 
927 # # |a SH 
980 # # |a Thư viện Trường Đại học Đà Lạt